<?xml version="1.0" encoding="UTF-8"?><?xml-stylesheet type="text/xsl" href="static/style.xsl"?><OAI-PMH xmlns="http://www.openarchives.org/OAI/2.0/" xmlns:xsi="http://www.w3.org/2001/XMLSchema-instance" xsi:schemaLocation="http://www.openarchives.org/OAI/2.0/ http://www.openarchives.org/OAI/2.0/OAI-PMH.xsd"><responseDate>2026-04-13T02:13:55Z</responseDate><request verb="GetRecord" identifier="oai:www.recercat.cat:2117/184037" metadataPrefix="marc">https://recercat.cat/oai/request</request><GetRecord><record><header><identifier>oai:recercat.cat:2117/184037</identifier><datestamp>2025-07-23T04:51:55Z</datestamp><setSpec>com_2072_1033</setSpec><setSpec>col_2072_452951</setSpec></header><metadata><record xmlns="http://www.loc.gov/MARC21/slim" xmlns:dcterms="http://purl.org/dc/terms/" xmlns:xsi="http://www.w3.org/2001/XMLSchema-instance" xmlns:doc="http://www.lyncode.com/xoai" xsi:schemaLocation="http://www.loc.gov/MARC21/slim http://www.loc.gov/standards/marcxml/schema/MARC21slim.xsd">
   <leader>00925njm 22002777a 4500</leader>
   <datafield ind2=" " ind1=" " tag="042">
      <subfield code="a">dc</subfield>
   </datafield>
   <datafield ind2=" " ind1=" " tag="720">
      <subfield code="a">González Campos, Sandra</subfield>
      <subfield code="e">author</subfield>
   </datafield>
   <datafield ind2=" " ind1=" " tag="260">
      <subfield code="c">2017-05-10</subfield>
   </datafield>
   <datafield ind2=" " ind1=" " tag="520">
      <subfield code="a">Introducció: Un funcionament eficient de les capacitats sensorials i cognitives sol ser considerat com a indicador rellevant de maduresa saludable de la població. Això és així perquè l'envelliment, generalment, s'associa amb el deteriorament d'aquestes capacitats. L'atenció sostinguda es defineix com la capacitat de concentració que ens permet mantenir el focus de l'atenció, resistint l'increment de fatiga malgrat l'esforç i de les condicions d'interferència i distracció. És un mecanisme complex que implica la interacció d'aspectes motivacionals i cognitius.&#xd;
Objectiu: Examinar quins canvis tenen lloc en l'atenció visual sostinguda a estímuls en moviment com a indicador del deteriorament cognitiu.&#xd;
Mètode: 4 grups d'observadors de diferents edat. Adolescents (entre 11 i 14 anys), joves (de 18 a 25 anys), adults joves (40-50 anys) i adults majors de 70 anys i analitzar les diferències entre poblacions d'edat.&#xd;
Material: Test Dynamic Visual Attention (Aznar, 2014), PC portàtil.&#xd;
Resultats: Es van trobar diferències estadísticament significatives (p&lt;0.05) principalment en comparar adolescents (12±2) amb adults majors (70±5).&#xd;
Conclusions: Els resultats ens indiquen que la atenció visual sostinguda a estímuls en moviment és pitjor en adults majors que en els joves, donant lloc a una sensibilitat reduïda per percebre el moviment i la velocitat d'un estímul visual.</subfield>
   </datafield>
   <datafield tag="653" ind2=" " ind1=" ">
      <subfield code="a">Àrees temàtiques de la UPC::Ciències de la visió::Optometria::Agudesa visual</subfield>
   </datafield>
   <datafield tag="653" ind2=" " ind1=" ">
      <subfield code="a">Visual perception</subfield>
   </datafield>
   <datafield tag="653" ind2=" " ind1=" ">
      <subfield code="a">Visual acuity</subfield>
   </datafield>
   <datafield tag="653" ind2=" " ind1=" ">
      <subfield code="a">Aging</subfield>
   </datafield>
   <datafield tag="653" ind2=" " ind1=" ">
      <subfield code="a">Percepció visual</subfield>
   </datafield>
   <datafield tag="653" ind2=" " ind1=" ">
      <subfield code="a">Agudesa visual</subfield>
   </datafield>
   <datafield tag="653" ind2=" " ind1=" ">
      <subfield code="a">Envelliment</subfield>
   </datafield>
   <datafield ind2="0" ind1="0" tag="245">
      <subfield code="a">Atención visual dinámica y envejecimiento</subfield>
   </datafield>
</record></metadata></record></GetRecord></OAI-PMH>